000 00250nam a2200109Ia 4500
008 220120s9999||||xx |||||||||||||| ||und||
082 _a621.395 SHA
100 _aShasidhar
_911402
245 0 _aVLSI design
260 _bNew Delhi
300 _a968p.
_b0
999 _c136319
_d136319